| 000 | 00905nam a22002417a 4500 | ||
|---|---|---|---|
| 001 | 5716 | ||
| 003 | FISKH | ||
| 005 | 20250116163036.0 | ||
| 008 | 250115b cb ||||| |||| 00| 0 eng d | ||
| 040 |
_aFISKH _beng _cFISKH _dFISKH |
||
| 050 | _aQE432.T665 | ||
| 082 | _a552 | ||
| 100 | _aTomecek, Steve | ||
| 245 |
_aEverything rocks and minerals : _bdazzling gems of photos and info that will rock your world! / _cBy Steve Tomecek with national geographic explorer Carsten Peter |
||
| 260 |
_aWashington, D.C. : _bNational Geographic ; _c2011. |
||
| 300 |
_a64 pages : _bcolor illustrations ; _c28 cm . |
||
| 490 | _aNational Geographic Kids | ||
| 520 | _aThis book describes how rocks and minerals are formed by geological processes, and how they are used in our lives. | ||
| 650 |
_arocks and minerals _vnon-fiction |
||
| 700 |
_aPeter, Carsten _eauthor |
||
| 942 |
_2ddc _cBK _n0 |
||
| 999 |
_c5716 _d5716 |
||